| 000 | 01111cam a2200349 i 4500 | ||
|---|---|---|---|
| 003 | EG-GICUC | ||
| 005 | 20260217092942.0 | ||
| 008 | 050315s2005 nyu frb 000 0 eng d | ||
| 020 |
_a1587787253 _qpbk. |
||
| 020 |
_a9781587787256 _q(pbk.) |
||
| 035 | _a13900646 | ||
| 040 |
_aCGU _cCGU _dCWL _dDLC _dEG-GICUC _beng _erda |
||
| 050 | 0 | 0 |
_aKZ3410 _b.H38 2005 |
| 082 | 0 | 4 |
_221 _a341.71 |
| 092 | 0 | 4 | _221 |
| 099 | _aLaw 11 2005 | ||
| 100 | 1 | _aHathaway, Oona Anne. | |
| 245 | 1 | 0 |
_aFoundations of international law and politics / _cOona A. Hathaway, Harold Hongju Koh. |
| 264 |
_aNew York, N.Y. : _bFoundation Press : _bThomson West, _c2005. |
||
| 300 |
_axiii, 393 page ; _c26 cm. |
||
| 336 |
_atext _2rdacontent |
||
| 337 |
_aComputer _2rdamedia |
||
| 338 |
_aOnline Resource _2rdacarrier |
||
| 440 | 0 | _aFoundations of law series | |
| 504 | _aIncludes bibliographical references. | ||
| 650 | 0 | _aInternational law. | |
| 650 | 0 | _aWorld politics. | |
| 700 | 1 |
_aKoh, Harold Hongju, _d1954- |
|
| 856 | 4 | 0 | _uhttps://fll.law.cu.edu.eg/fulltext/bks/ENGB11-00142.pdf |
| 905 | _a10 | ||
| 942 |
_2ddc _cBK _e21 _n0 |
||
| 999 |
_c63233 _d63233 |
||